000 01241nam a22002897a 4500
999 _c158447
_d158447
003 dpl
005 20181029160543.0
008 181029b ||||| |||| 00| 0 eng d
010 _aB-068733
020 _c350.00
035 _aB-068733
037 _bBPPD/PUB
040 _aDPL
_bHN
_c0
082 _a820.8
_bजयप्र
100 _aजयप्रकाश भारती
245 _aहिन्दी की सौ श्रेष्ठ पुस्तकें /
_c जयप्रकाश भारती
246 _aHindi ki Sau sreshtha pustakein /
_bJayprakash Bharti
260 _aनई दिल्ली
_bनीलकंठ प्रकाशन
_c2002
270 _bनई दिल्ली
_a1/1079, ई, महरौली
_e110030
300 _a355पृ.
_c19सेमी(सजिल्द)
650 _aबच्चों के साहित्य, इंडिक
_943086
650 _aबच्चों के साहित्य, इंडिक (अंग्रेजी)
_943087
650 _aChildren's literature, Indic
_943088
650 _aChildren's literature, Indic (English)
_943089
700 _943058
942 _2ddc
_cHN
_h820.8
_mजयप्र